<?xml version="1.0" encoding="UTF-8"?>
<record
    xmlns:xsi="http://www.w3.org/2001/XMLSchema-instance"
    xsi:schemaLocation="http://www.loc.gov/MARC21/slim http://www.loc.gov/standards/marcxml/schema/MARC21slim.xsd"
    xmlns="http://www.loc.gov/MARC21/slim">

  <leader>00766nam a22001337a 4500</leader>
  <datafield tag="040" ind1=" " ind2=" ">
    <subfield code="c">RUA</subfield>
  </datafield>
  <datafield tag="082" ind1=" " ind2=" ">
    <subfield code="a">AGR HEN 2012 B050 Or.1</subfield>
  </datafield>
  <datafield tag="100" ind1=" " ind2=" ">
    <subfield code="a">HENG, SOVANROTH</subfield>
  </datafield>
  <datafield tag="245" ind1=" " ind2=" ">
    <subfield code="a">Weed control under early wet season condition on ir 66 rice varieties in royal university of agriculture, &#x179C;&#x17B7;&#x1792;&#x17B6;&#x1793;&#x1780;&#x17B6;&#x179A;&#x1782;&#x17D2;&#x179A;&#x1794;&#x17CB;&#x1782;&#x17D2;&#x179A;&#x1784;&#x179F;&#x17D2;&#x1798;&#x17C5;&#x1785;&#x1784;&#x17D2;&#x179A;&#x17C3;&#x179B;&#x17BE;&#x1796;&#x17BC;&#x1787;&#x179F;&#x17D2;&#x179A;&#x17BB;&#x179C;&#x17A2;&#x17CA;&#x17B8;&#x17A2;&#x17CA;&#x17C2;&#x179A; &#x17E6;&#x17E6;&#x200B;&#x1780;&#x17D2;&#x1793;&#x17BB;&#x1784;&#x179B;&#x1780;&#x17D2;&#x1781;&#x1781;&#x178E;&#x17D2;&#x178C;&#x178A;&#x17BE;&#x1798;&#x179A;&#x178A;&#x17BC;&#x179C;&#x179C;&#x179F;&#x17D2;&#x179F;&#x17B6; &#x1793;&#x17C3;&#x179F;&#x17B6;&#x1780;&#x179B;&#x179C;&#x17B7;&#x1791;&#x17D2;&#x1799;&#x17B6;&#x179B;&#x17D0;&#x1799;&#x1797;&#x17BC;&#x1798;&#x17B7;&#x1793;&#x17D2;&#x1791;&#x1780;&#x179F;&#x17B7;&#x1780;&#x1798;&#x17D2;&#x1798;</subfield>
  </datafield>
  <datafield tag="260" ind1=" " ind2=" ">
    <subfield code="a">Phnom Penh</subfield>
    <subfield code="b">RUA</subfield>
    <subfield code="c">2012</subfield>
  </datafield>
  <datafield tag="300" ind1=" " ind2=" ">
    <subfield code="a">viii; 44p.</subfield>
    <subfield code="b">ill.</subfield>
    <subfield code="c">29cm.</subfield>
  </datafield>
  <datafield tag="856" ind1=" " ind2=" ">
    <subfield code="u">https://drive.google.com/file/d/1MdG7jebR40OiF6vK7EHwSOKGN3gBhJSI/view?usp=sharing</subfield>
  </datafield>
  <datafield tag="942" ind1=" " ind2=" ">
    <subfield code="c">AGR</subfield>
  </datafield>
  <datafield tag="999" ind1=" " ind2=" ">
    <subfield code="c">1694</subfield>
    <subfield code="d">1694</subfield>
  </datafield>
  <datafield tag="952" ind1=" " ind2=" ">
    <subfield code="0">0</subfield>
    <subfield code="1">0</subfield>
    <subfield code="4">0</subfield>
    <subfield code="6">AGR_HEN_2012_000000000000000_B050_OR_1</subfield>
    <subfield code="7">0</subfield>
    <subfield code="9">7353</subfield>
    <subfield code="a">LBB</subfield>
    <subfield code="b">LBB</subfield>
    <subfield code="c">B050</subfield>
    <subfield code="d">2015-10-02</subfield>
    <subfield code="o">AGR HEN 2012 B050 Or.1</subfield>
    <subfield code="p">`RUA000468</subfield>
    <subfield code="r">2015-10-02</subfield>
    <subfield code="y">AGR</subfield>
  </datafield>
  <datafield tag="952" ind1=" " ind2=" ">
    <subfield code="0">0</subfield>
    <subfield code="1">0</subfield>
    <subfield code="2">ddc</subfield>
    <subfield code="4">0</subfield>
    <subfield code="6">AGR_HEN_2012_000000000000000_B050_OR_2</subfield>
    <subfield code="7">0</subfield>
    <subfield code="9">7354</subfield>
    <subfield code="a">LBB</subfield>
    <subfield code="b">LBB</subfield>
    <subfield code="c">B050</subfield>
    <subfield code="d">2015-10-02</subfield>
    <subfield code="o">AGR HEN 2012 B050 Or.2</subfield>
    <subfield code="p">RUA000613</subfield>
    <subfield code="r">2015-10-02</subfield>
    <subfield code="w">2015-10-02</subfield>
    <subfield code="y">AGR</subfield>
  </datafield>
  <datafield tag="952" ind1=" " ind2=" ">
    <subfield code="0">0</subfield>
    <subfield code="1">0</subfield>
    <subfield code="4">0</subfield>
    <subfield code="6">AGR_HEN_2012_000000000000000_B050_OR_3</subfield>
    <subfield code="7">0</subfield>
    <subfield code="9">7355</subfield>
    <subfield code="a">LBB</subfield>
    <subfield code="b">LBB</subfield>
    <subfield code="c">B050</subfield>
    <subfield code="d">2015-10-02</subfield>
    <subfield code="l">1</subfield>
    <subfield code="o">AGR HEN 2012 B050 Or.3</subfield>
    <subfield code="p">RUA000468</subfield>
    <subfield code="r">2024-12-23</subfield>
    <subfield code="s">2024-11-26</subfield>
    <subfield code="y">AGR</subfield>
  </datafield>
</record>
